Retail management: a strategic approach.--10th ed. (Record no. 56414)

MARC details
000 -LEADER
fixed length control field 00714nam a2200193 a 4500
008 - FIXED-LENGTH DATA ELEMENTS--GENERAL INFORMATION
fixed length control field 100121s2007 ||||||||||||||||| || u
020 ## - INTERNATIONAL STANDARD BOOK NUMBER
International Standard Book Number 0131870165
050 ## - LIBRARY OF CONGRESS CALL NUMBER
Classification number HF 5429 Ber
100 ## - MAIN ENTRY--PERSONAL NAME
Personal name Evans, Joel R
245 10 - TITLE STATEMENT
Title Retail management: a strategic approach.--10th ed.
Statement of responsibility, etc. Barry Berman, Joel R. Evans
250 ## - EDITION STATEMENT
Edition statement 10th ed.
260 ## - PUBLICATION, DISTRIBUTION, ETC.
Place of publication, distribution, etc. Upper Saddle River, NJ
Name of publisher, distributor, etc. Pearson Prentice Hall
Date of publication, distribution, etc. 2007
300 ## - PHYSICAL DESCRIPTION
Extent xxii, 682p.: ill.
350 ## - PRICE (NR) (BK AM CF MU VM SE) [OBSOLETE]
Price 0.00
650 #0 - SUBJECT ADDED ENTRY--TOPICAL TERM
Topical term or geographic name entry element BUSINESS
650 ## - SUBJECT ADDED ENTRY--TOPICAL TERM
Topical term or geographic name entry element RETAIL TRADE--MANAGEMENT
700 ## - ADDED ENTRY--PERSONAL NAME
Personal name Berman, BarryJoel R
995 ## - RECOMMENDATION 995 [LOCAL, UNIMARC FRANCE]
-- 0.00
-- CBU-MAIN LIBRARY (Kitwe)
-- 1
-- 0.00
-- 1
-- AVAILABLE
-- Apr 7, 2010
-- Main Library Open Access Collection
Holdings
Withdrawn status Lost status Source of classification or shelving scheme Damaged status Not for loan Home library Current library Shelving location Date acquired Total Checkouts Full call number Barcode Date last seen Price effective from Koha item type
          CBU-MAIN LIBRARY, KITWE. CBU-MAIN LIBRARY, KITWE.   11/30/2022   HF 5429 Ber 740972 11/30/2022 11/30/2022 MONOGRAPH